| 000 | 00000nam##2200000za#4500 |
| 001 | 9.522472 |
| 003 | CaOODSP |
| 005 | 20200327030053 |
| 007 | ta |
| 008 | 150406|1992||||xxc||||| f|0| 0 eng|d |
| 022 | |a0706-6457 |
| 040 | |aCaOODSP|beng |
| 041 | |aeng |
| 041 | |afre |
| 043 | |an-cn--- |
| 086 | 1 |aFs97-6/1890 |
| 110 | 1 |aCanada. |bDepartment of Fisheries and Oceans. |
| 245 | 10|aJuvenile stages: the missing link in fisheries research : |bReport of a workshop, October 1-3, 1991, Bedford Institute of Oceanography, Dartmouth, Nova Scotia / |cEdited by Y. de Lafontaine et al. |
| 260 | |aOttawa - Ontario : |bFisheries and Oceans Canada |c1992. |
| 300 | |a139p. : |bfigs., graphs, references, tables ; |c28 cm. |
| 490 | 1 |aCanadian technical report of fisheries and aquatic sciences|x0706-6457|v1890 |
| 500 | |aPrepared in the Institut Maurice-Lamontagne, Department of Fisheries and Oceans, P.O. Box 1000, 850, route de la Mer, Mont-Joli, Quebec G5H 3Z4. |
| 546 | |aTitle and prefatory matter bilingual, articles in the language of the author. (Résumés en français |
| 563 | |aSoftcover |
| 690 | 07|aFisheries|2gcpds |
| 720 | 1 |aDe Lafontaine, Y. |
| 776 | 0#|tLes stades juvéniles: le chaînon manquant en recherche sur les pêches - : |w(CaOODSP)9.589908 |
| 792 | |tLes stades juvéniles: le chaînon manquant en recherche sur les pêches : |efre|w(CaOODSP)9.522473 |
| 830 | #0|aCanadian technical report of fisheries and aquatic sciences,|x0706-6457|v1890|w(CaOODSP)9.514690 |